| 000 | 00438nam a2200181Ia 4500 | ||
|---|---|---|---|
| 008 | 260330s2025 xx 000 0 und d | ||
| 020 | _a978-93-5532-672-0 | ||
| 041 | _aeng | ||
| 082 |
_a5.133 _bEBA |
||
| 100 | _aE-BALAGURUSAMY6 | ||
| 245 | _aPROGRAMMING IN ANSI C. | ||
| 250 | _a9TH | ||
| 260 |
_bMcGRAW HILL FGGG _c2025 |
||
| 300 |
_a611Pg _bPB |
||
| 365 | _cRs. | ||
| 650 | _aComputer Programming | ||
| 700 | _aE-BALAGURUSAMY6 | ||
| 999 |
_c1218535 _d1218535 |
||